000 00422pab a2200145 454500
008 180718b1988 xxu||||| |||| 00| 0 eng d
100 _aFujimoto, Akimi
245 _aThe economics of land tenure and rice production in a double - cropping village in Southern Thailand
260 _c1988
300 _a189-211
362 _aSept.
650 _aLand Tenure - Thailand
773 _aDevelopment Economics
909 _a12145
999 _c12145
_d12145